[Event "Kragero Resort International 2022"]
[Site "Kragero"]
[Date "2022.02.26"]
[Round "7.5"]
[White "Amundsen, Ask"]
[Black "Strand, Amund Pihl"]
[Result "1-0"]
[WhiteElo "1819"]
[BlackElo "1748"]
[Annotator "NA"]
[PlyCount "87"]
[EventDate "2022.02.23"]
[EventType "swiss"]
[EventCountry "NOR"]
[SourceTitle "playchess.com"]
[Source "ChessBase"]
[SourceQuality "1"]
[TimeControl "5400+30"]

1. e4 {[%emt 0:00:04]} Nf6 {[%emt 0:00:40]} 2. e5 {[%emt 0:00:24]} Nd5 {[%emt 0:00:11]} 3. c4 {[%emt 0:01:29]} Nb6 {[%emt 0:00:09]} 4. a4 {[%emt 0:01:22]} a5 {[%emt 0:00:28]} 5. Ra3 {[%emt 0:00:26]} d6 {[%emt 0:01:01]} 6. exd6 {[%emt 0:00:47]} exd6 {[%emt 0:00:09]} 7. d4 {[%emt 0:00:39]} Be7 {[%emt 0:00:11]} 8. Rg3 {[%emt 0:02:04]} O-O {[%emt 0:02:14]} 9. Nf3 {[%emt 0:03:50]} Nc6 {[%emt 0:01:11]} 10. Nc3 {[%emt 0:10:01]} f5 {[%emt 0:07:21]} 11. Bf4 {[%emt 0:03:29]} Nb4 {[%emt 0:10:26]} 12. Be2 $11 {[%emt 0:04:28]} Kh8 {[%emt 0:07:45]} 13. Qd2 {[%emt 0:03:57]} Nd7 {[%emt 0:07:05]} 14. h4 {[%emt 0:14:25]} Nf6 {[%emt 0:06:57]} 15. h5 {[%emt 0:12:27]} Ne4 {[%emt 0:10:03]} 16. Nxe4 {[%emt 0:00:58]} fxe4 {[%emt 0:00:35]} 17. Ng5 {[%emt 0:01:41]} Bf5 {[%emt 0:11:03]} 18. Be3 {[%emt 0:07:18]} Bf6 {[%emt 0:03:56]} 19. h6 {[%emt 0:10:40]} g6 {[%emt 0:03:06]} 20. Bg4 {[%emt 0:08:11]} Nd3+ {[%emt 0:01:44]} 21. Kf1 {[%emt 0:01:00]} Nxf2 {[%emt 0:04:26]} 22. Kxf2 {[%emt 0:07:33]} Bxg4 {[%emt 0:00:41]} 23. Rxg4 {[%emt 0:00:37]} Bxg5+ {[%emt 0:00:25]} 24. Ke2 {[%emt 0:00:16]} Bxe3 {[%emt 0:03:33]} 25. Qxe3 {[%emt 0:00:09]} Qd7 {[%emt 0:01:03]} 26. Rxe4 {[%emt 0:01:44]} Qxa4 {[%emt 0:00:22]} 27. Qc3 {[%emt 0:00:39]} Qb4 {[%emt 0:03:28]} 28. Kd3 {[%emt 0:02:12]} Rf2 {[%emt 0:04:48]} 29. Qxb4 {[%emt 0:01:28]} axb4 {[%emt 0:00:05]} 30. Ra1 {[%emt 0:00:13]} Raf8 {[%emt 0:00:22]} 31. Ra7 {[%emt 0:00:20]} Rxg2 {[%emt 0:02:50]} 32. Rxb7 {[%emt 0:00:32]} Rxb2 {[%emt 0:01:09]} 33. c5 {[%emt 0:01:00]} d5 {[%emt 0:03:46]} 34. Rf4 {[%emt 0:00:05]} Ra8 {[%emt 0:00:49]} 35. Ra7 {[%emt 0:00:19]} Rb3+ {[%emt 0:01:11]} 36. Kc2 {[%emt 0:00:24]} Ra3 {[%emt 0:00:08]} 37. Rxc7 {[%emt 0:00:45]} b3+ {[%emt 0:03:04]} 38. Kb2 {[%emt 0:00:14]} Ra2+ {[%emt 0:00:33]} 39. Kxb3 {[%emt 0:00:13]} Rh2 {[%emt 0:00:28]} 40. c6 {[%emt 0:00:59]} Rb8+ {[%emt 0:00:25]} 41. Rb7 {[%emt 0:00:09]} Re8 {[%emt 0:00:22]} 42. c7 {[%emt 0:01:05]} Rh1 {[%emt 0:00:35]} 43. Rf2 {[%emt 0:00:20]} Rc1 {[%emt 0:00:35]} 44. Rb8 {[%emt 0:00:29]} 1-0

[Event "Kragero Resort International 2022"]
[Site "Kragero"]
[Date "2022.02.26"]
[Round "7.6"]
[White "Lie, Kjetil A."]
[Black "Kulaots, Kaido"]
[Result "1/2-1/2"]
[WhiteElo "2520"]
[BlackElo "2527"]
[Annotator "TA"]
[PlyCount "33"]
[EventDate "2022.02.23"]
[EventType "swiss"]
[EventCountry "NOR"]
[SourceTitle "playchess.com"]
[Source "ChessBase"]
[SourceQuality "1"]

{[%evp 10,33,18,4,14,15,36,10,31,23,20,16,14,8,12,10,8,0,0,-1,24,0,0,0,30,0]} 1. d4 Nf6 2. Nf3 g6 3. e3 Bg7 4. Be2 O-O 5. O-O d6 6. b3 e5 {A48: 1 d4 Nf6 2 Nf3 g6: Torre, London and Colle Systems.} 7. dxe5 Ng4 8. Bb2 Nxe5 {The position is equal.} 9. Nxe5 dxe5 {[#]} 10. Nc3 $146 ({Predecessor:} 10. Qxd8 Rxd8 11. Na3 a6 12. Rfd1 Re8 13. Nb1 Nd7 14. Nc3 Nf6 15. Nd5 Nxd5 16. Rxd5 {½-½ (39) Luther,T (2526)-Georgiadis,N (2517) Austria 2017}) 10... Bf5 11. Qc1 Nd7 12. Rd1 c6 13. Bd3 Bg4 14. Be2 Bf5 15. Bd3 Bg4 16. Be2 Bf5 17. Bd3 {Not much happened in this game.  Weighted Error Value: White=0.06 (flawless) /Black=0.10 (very precise)} 1/2-1/2

[Event "Kragero Resort International 2022"]
[Site "Kragero"]
[Date "2022.02.26"]
[Round "7.6"]
[White "Helland, Phillip"]
[Black "Omarsson, Adam"]
[Result "0-1"]
[WhiteElo "1760"]
[BlackElo "1546"]
[Annotator "NA"]
[PlyCount "84"]
[EventDate "2022.02.23"]
[EventType "swiss"]
[EventCountry "NOR"]
[SourceTitle "playchess.com"]
[Source "ChessBase"]
[SourceQuality "1"]
[TimeControl "5400+30"]

1. d4 {[%emt 0:00:04]} g6 {[%emt 0:00:12]} 2. Nf3 {[%emt 0:00:17]} Nf6 {[%emt 0:00:27]} 3. g3 {[%emt 0:00:16]} Bg7 {[%emt 0:01:01]} 4. Bg2 {[%emt 0:00:25]} O-O {[%emt 0:01:06]} 5. c4 {[%emt 0:00:40]} c5 {[%emt 0:00:50]} 6. O-O {[%emt 0:00:29]} cxd4 {[%emt 0:01:14]} 7. Qxd4 {[%emt 0:02:34]} Nc6 {[%emt 0:01:15]} 8. Qh4 {[%emt 0:04:21]} Qb6 {[%emt 0:02:47]} 9. Nc3 {[%emt 0:02:52]} Re8 {[%emt 0:04:15]} 10. b3 {[%emt 0:07:07]} a5 {[%emt 0:06:11]} 11. Bb2 {[%emt 0:01:51]} a4 {[%emt 0:01:30]} 12. c5 {[%emt 0:05:13]} Qxc5 {[%emt 0:01:20]} 13. Nxa4 {[%emt 0:03:29]} Qc2 {[%emt 0:00:53]} 14. Nd4 {[%emt 0:08:46]} Nxd4 {[%emt 0:00:43]} 15. Qxd4 {[%emt 0:00:41]} Rxa4 {[%emt 0:02:26]} 16. bxa4 {[%emt 0:01:21]} Nh5 {[%emt 0:00:09]} 17. Qb4 {[%emt 0:02:48]} Bxb2 {[%emt 0:01:32]} 18. Rab1 {[%emt 0:00:50]} Bf6 {[%emt 0:00:23]} 19. Qb3 {[%emt 0:08:41]} Qxe2 {[%emt 0:02:15]} 20. Bxb7 {[%emt 0:00:52]} Bxb7 {[%emt 0:00:17]} 21. Qxb7 {[%emt 0:00:16]} Qxa2 {[%emt 0:00:29]} 22. Qxd7 {[%emt 0:01:38]} Ra8 {[%emt 0:00:22]} 23. Rb4 {[%emt 0:04:22]} Kg7 {[%emt 0:04:57]} 24. Qc6 {[%emt 0:04:16]} Ra5 {[%emt 0:01:04]} 25. g4 {[%emt 0:05:07]} Qd2 {[%emt 0:00:32]} 26. Qe4 {[%emt 0:09:28]} Bc3 {[%emt 0:00:39]} 27. Rb5 {[%emt 0:03:29]} Nf6 {[%emt 0:00:19]} 28. Qe3 {[%emt 0:01:03]} Qxe3 {[%emt 0:00:18]} 29. fxe3 {[%emt 0:00:11]} Rxa4 {[%emt 0:00:05]} 30. h3 {[%emt 0:01:12]} Bd2 {[%emt 0:00:44]} 31. Rb3 {[%emt 0:02:52]} Nd5 {[%emt 0:01:24]} 32. e4 {[%emt 0:02:00]} Rxe4 {[%emt 0:00:11]} 33. Rd3 {[%emt 0:00:29]} Be3+ {[%emt 0:00:16]} 34. Kg2 {[%emt 0:00:27]} e6 {[%emt 0:00:14]} 35. Rb1 {[%emt 0:01:00]} Bg5 {[%emt 0:00:32]} 36. Kg3 {[%emt 0:00:13]} Re3+ {[%emt 0:01:18]} 37. Rxe3 {[%emt 0:00:06]} Bxe3 {[%emt 0:00:06]} 38. Rb7 {[%emt 0:00:30]} Nf6 {[%emt 0:01:06]} 39. Kf3 {[%emt 0:00:12]} Bd2 {[%emt 0:00:27]} 40. Ke2 {[%emt 0:00:10]} Bg5 {[%emt 0:01:04]} 41. Rb5 {[%emt 0:00:18]} Bh4 {[%emt 0:00:42]} 42. g5 {[%emt 0:00:30]} Nd5 {[%emt 0:00:05]} 0-1

[Event "Kragero Resort International 2022"]
[Site "Kragero"]
[Date "2022.02.26"]
[Round "7.7"]
[White "Kenneskog, Theodor"]
[Black "Donchenko, Alexander"]
[Result "0-1"]
[WhiteElo "2344"]
[BlackElo "2636"]
[Annotator "TA"]
[PlyCount "84"]
[EventDate "2022.02.23"]
[EventType "swiss"]
[EventCountry "NOR"]
[SourceTitle "playchess.com"]
[Source "ChessBase"]
[SourceQuality "1"]

{[%evp 20,84,31,25,113,41,35,29,39,35,46,45,43,25,35,-102,45,56,58,12,29,23,51,14,52,12,60,36,92,52,95,72,105,-50,-44,-212,-210,-283,-285,-291,-289,-280,-263,-410,-346,-333,-283,-272,-271,-257,-256,-354,-344,-328,-261,-278,-278,-725,-685,-1594,-1578,-1871,-1344,-29989,-29980,-29985,-849]} 1. e4 c5 2. Nf3 d6 3. d4 cxd4 4. Nxd4 Nf6 5. Nc3 a6 6. Bg5 e6 7. f4 h6 8. Bh4 Be7 9. Qf3 Nbd7 10. O-O-O Qc7 {10...g5 is the hot move.} 11. Be2 Rg8 {B99: Sicilian Najdorf: 6 Bg5 e6 7 f4 Be7 8 Qf3 Qc7 9 0-0-0 Nbd7.} (11... Nxe4 $2 12. Nxe4 (12. Nxe6 fxe6 13. Nxe4 d5 $16) 12... Bxh4 13. Nxe6 $1 {[%mdl 512]} fxe6 14. Qh5+ Kf8 15. Nxd6 $18 (15. Qxh4 d5 $16)) (11... O-O $11 {keeps the balance.}) 12. f5 (12. Rhf1 $16) 12... e5 $1 $14 13. Nb3 b5 {White has an edge.} 14. a3 Bb7 15. Kb1 Rc8 {[%cal Of6e4] [#] Strongly threatening ...Nxe4!} 16. Bd3 $146 ({Predecessor:} 16. Rc1 Nb6 17. Bxf6 Bxf6 18. h4 Bd8 19. g4 Nc4 20. Rh3 Qb6 21. Nd5 Bxd5 22. exd5 {1-0 (47) Florstedt,J (2276)-Aliavdin,N (2338) Gorzow Wielkopolski 2018}) 16... Qb8 {[%cal Oc8c3]} 17. g4 {[#]} (17. Be1 $14 {stays ahead.}) 17... Nb6 (17... Rxc3 $1 $17 {[%mdl 512]} 18. bxc3 d5 19. Bxf6 Nxf6) 18. Bxf6 Bxf6 19. Nd5 (19. Qf2 $14 Rxc3 20. Qxb6 (20. bxc3 Na4 $17)) 19... Bxd5 $11 20. exd5 Nc4 {[%cal Oc4b2] Inhibits Na5. aiming for ...Nxb2!} 21. Qe4 Qc7 22. Nd2 Qc5 (22... Nxd2+ $11 23. Rxd2 Qa5) 23. h4 Bd8 (23... Nxd2+ $1 $14 24. Rxd2 Kd7) 24. Nb3 Qa7 (24... Qb6 $14) 25. Qe2 Kf8 26. Rdg1 $2 ({Better is} 26. Bxc4 $16 {Black must now prevent Bd3.} Rxc4 27. Nd2) 26... Bxh4 $1 $15 {[%cal Bd8h4,Bh4f6,Bf6g5][%mdl 32]} 27. f6 $2 {This move loses the game for White.} (27. Bxc4 $15 bxc4 28. Na5) 27... Bxf6 $19 {[%cal Oc4b2]} 28. Bh7 Bg5 29. Rf1 Rh8 30. Bg6 Rc7 31. Rf5 (31. Rf3 $142) 31... Qe3 32. Qd1 Ke8 ({And not} 32... Nxb2 33. Qf1 Bf4 34. Rh3 $11) 33. Rf3 Qb6 ({Weaker is} 33... fxg6 34. Rxe3 Nxe3 35. Qd3 $15) 34. Bd3 a5 {[%cal Ba6a5,Ba5a4][%mdl 32]} 35. Ka2 a4 36. Na1 Ke7 37. c3 Nd2 {To avoid Rhf1} 38. Rf5 $2 (38. Nc2) 38... Qc5 39. c4 bxc4 40. Bc2 Rb8 {( -> ...c3)} 41. Rxg5 hxg5 42. Qxd2 {[#]} Rxb2+ $1 {[%mdl 512] Weighted Error Value: White=0.90/Black=0.37} 0-1

[Event "Kragero Resort International 2022"]
[Site "Kragero"]
[Date "2022.02.26"]
[Round "7.7"]
[White "Stolp, Aleksander"]
[Black "Gharibyan, Mane"]
[Result "1-0"]
[WhiteElo "1680"]
[BlackElo "1592"]
[Annotator "NA"]
[PlyCount "111"]
[EventDate "2022.02.23"]
[EventType "swiss"]
[EventCountry "NOR"]
[SourceTitle "playchess.com"]
[Source "ChessBase"]
[SourceQuality "1"]
[TimeControl "5400+30"]

1. d4 {[%emt 0:00:03]} Nf6 {[%emt 0:00:22]} 2. c4 {[%emt 0:00:09]} e6 {[%emt 0:00:03]} 3. Nf3 {[%emt 0:00:08]} b6 {[%emt 0:00:22]} 4. g3 {[%emt 0:01:24]} Ba6 {[%emt 0:00:57]} 5. b3 {[%emt 0:00:38]} Bb4+ {[%emt 0:01:19]} 6. Bd2 {[%emt 0:00:53]} Be7 {[%emt 0:00:43]} 7. Nc3 {[%emt 0:03:31]} Bb7 {[%emt 0:01:32]} 8. Bg2 {[%emt 0:03:07]} O-O {[%emt 0:01:33]} 9. O-O {[%emt 0:01:49]} c5 {[%emt 0:07:09]} 10. Re1 {[%emt 0:13:10]} d5 {[%emt 0:10:38]} 11. cxd5 {[%emt 0:06:26]} exd5 {[%emt 0:03:04]} 12. dxc5 {[%emt 0:05:03]} bxc5 {[%emt 0:01:54]} 13. Rc1 {[%emt 0:03:08]} Nbd7 {[%emt 0:20:28]} 14. Bg5 {[%emt 0:04:17]} h6 {[%emt 0:02:12]} 15. Bxf6 {[%emt 0:01:11]} Nxf6 {[%emt 0:00:55]} 16. Na4 {[%emt 0:11:08]} Rc8 {[%emt 0:06:50]} 17. Ne5 {[%emt 0:18:36]} Qa5 {[%emt 0:01:54]} 18. Qc2 {[%emt 0:00:00]} Rfd8 {[%emt 0:16:10]} 19. Red1 {[%emt 0:01:41]} Bd6 {[%emt 0:06:07]} 20. Qf5 {[%emt 0:01:09]} Rc7 {[%emt 0:02:17]} 21. Ng4 {[%emt 0:01:18]} Nxg4 {[%emt 0:05:11]} 22. Qxg4 {[%emt 0:00:08]} c4 {[%emt 0:03:26]} 23. Qf5 {[%emt 0:03:59]} Ba3 {[%emt 0:00:37]} 24. Rc2 {[%emt 0:03:29]} c3 {[%emt 0:06:11]} 25. Rd4 {[%emt 0:06:24]} Bb4 {[%emt 0:00:00]} 26. Qd3 {[%emt 0:02:07]} Ba6 {[%emt 0:00:19]} 27. Qd1 {[%emt 0:00:30]} Rcd7 {[%emt 0:00:28]} 28. e3 {[%emt 0:01:36]} Rd6 {[%emt 0:01:11]} 29. Qc1 {[%emt 0:01:24]} Rc8 {[%emt 0:00:24]} 30. a3 {[%emt 0:00:47]} Bc5 {[%emt 0:00:16]} 31. b4 {[%emt 0:00:42]} Bxb4 {[%emt 0:00:51]} 32. Rxb4 {[%emt 0:00:19]} Bb5 {[%emt 0:00:32]} 33. Nxc3 {[%emt 0:01:21]} Bd3 {[%emt 0:00:12]} 34. Rd2 {[%emt 0:00:33]} Qa6 {[%emt 0:00:23]} 35. Rd4 {[%emt 0:01:12]} Bg6 {[%emt 0:00:47]} 36. Qa1 {[%emt 0:01:13]} Rdc6 {[%emt 0:00:20]} 37. Ne2 {[%emt 0:01:40]} Bh5 {[%emt 0:00:45]} 38. g4 {[%emt 0:00:18]} Bg6 {[%emt 0:00:04]} 39. Rxd5 {[%emt 0:01:03]} Kh7 {[%emt 0:00:36]} 40. Bf3 {[%emt 0:00:52]} Rb6 {[%emt 0:00:41]} 41. Kg2 {[%emt 0:01:22]} Rb3 {[%emt 0:00:43]} 42. a4 {[%emt 0:00:57]} Rcb8 {[%emt 0:00:26]} 43. Qe5 {[%emt 0:00:26]} Qxa4 {[%emt 0:00:20]} 44. Ra5 {[%emt 0:00:11]} Qb4 {[%emt 0:00:21]} 45. Rda2 {[%emt 0:00:43]} Rb1 {[%emt 0:00:07]} 46. Rxa7 {[%emt 0:00:37]} Qe1 {[%emt 0:00:07]} 47. Kg3 {[%emt 0:00:36]} R8b5 {[%emt 0:01:26]} 48. Qc3 {[%emt 0:00:31]} Qf1 {[%emt 0:00:40]} 49. Bg2 {[%emt 0:00:37]} Qd1 {[%emt 0:00:14]} 50. Rd2 {[%emt 0:00:17]} Qe1 {[%emt 0:00:20]} 51. Rd8 {[%emt 0:00:35]} Qxe2 {[%emt 0:00:59]} 52. Raa8 {[%emt 0:00:06]} Bc2 {[%emt 0:00:33]} 53. Rh8+ {[%emt 0:00:30]} Kg6 {[%emt 0:00:02]} 54. Qc6+ {[%emt 0:00:16]} f6 {[%emt 0:00:25]} 55. Qe8+ {[%emt 0:00:11]} Kg5 {[%emt 0:00:35]} 56. h4# {[%emt 0:00:14]} 1-0

[Event "Kragero Resort International 2022"]
[Site "Kragero"]
[Date "2022.02.26"]
[Round "7.8"]
[White "Radeva, Viktoria"]
[Black "Urkedal, Frode Olav Olsen"]
[Result "0-1"]
[WhiteElo "2261"]
[BlackElo "2549"]
[Annotator "TA"]
[PlyCount "126"]
[EventDate "2022.02.23"]
[EventType "swiss"]
[EventCountry "NOR"]
[SourceTitle "playchess.com"]
[Source "ChessBase"]
[SourceQuality "1"]

{[%evp 10,126,11,10,17,3,14,11,16,6,16,14,13,14,27,-9,24,-15,-22,-26,4,-6,23,0,24,8,17,-40,27,-4,0,-33,-10,-84,-65,-56,-52,-59,-54,-49,-53,-88,-97,-89,-93,-76,-93,-91,-79,-81,-86,-75,-89,-82,-87,-64,-39,-29,0,0,0,-46,0,-52,0,-57,0,0,0,0,0,0,46,0,0,-115,-115,-237,-129,-159,-156,-214,-223,-255,-52,-52,-46,-46,-46,-46,-46,-46,-46,-53,-58,-50,-8,-76,-31,-40,0,-81,0,-33,-33,-109,-110,-329,-14,-14,-18,-643,-619,-29972,-29971,-29986,-29987,-29983,-29984]} 1. e4 e5 2. Nf3 Nc6 3. Bc4 Nf6 4. d3 Bc5 5. O-O d6 6. c3 a5 {6...h6 is setting a new trend. C54: Giuoco Piano: 4 c3 Nf6, main lines with 5 d4 and 5 d3.} 7. Nbd2 Ba7 8. Re1 O-O {The position is equal.} 9. h3 Be6 10. Bb5 Ne7 11. Ba4 Ng6 {[%cal Oe6h3]} 12. Nf1 Nh5 {[#]} 13. Be3 $146 ({Predecessor:} 13. d4 Nhf4 14. Ng3 exd4 15. cxd4 c6 16. Bc2 d5 17. Bxf4 Nxf4 {1-0 (46) Padilla,E (1750)-Darwanto,R (1831) ICCF email 2020}) 13... Nhf4 14. d4 h6 15. Bb3 Qf6 16. Kh2 Rfd8 17. Bxe6 Nxe6 18. g3 (18. Ng3 $11) 18... Ne7 (18... exd4 $1 $15 19. cxd4 d5) 19. Kg2 Qg6 20. N1d2 exd4 21. Nxd4 (21. Bxd4 $11 Nf4+ 22. Kh2) 21... Bxd4 $17 22. Bxd4 d5 {And now ...c5 would win.} (22... c5 {is more complex.} 23. Be3 d5 24. Qf3 d4 25. cxd4 cxd4 26. Bf4 Nc6) 23. Qg4 Qxg4 (23... c5 {is interesting.} 24. Be5 d4 25. cxd4 Qxg4 26. hxg4 cxd4 27. Nf3 a4) 24. hxg4 c5 25. Be3 d4 26. cxd4 cxd4 27. Bf4 Ng6 28. Kf3 d3 {White must now prevent ...Nd4+.} 29. Rac1 Nd4+ {Pair of Knights!} 30. Kg2 Nxf4+ 31. gxf4 Ne2 {Black is more active.} 32. Rc7 Nxf4+ 33. Kf3 g5 (33... Ne6 $5 {[%cal Re6c7]} 34. Rxb7 Nd4+ 35. Kf4 Ra6 $15) 34. Rxb7 Rac8 {To avoid Rc1} 35. Rd1 (35. a4 $11) 35... Rc2 (35... a4 $1 $15) 36. Ke3 (36. a4 $1 $11) 36... Rdc8 (36... a4 $15) 37. a3 ({Better is} 37. a4 $1 $11) 37... Rc1 (37... a4 $15) 38. Rxc1 $11 Rxc1 {[%mdl 4096] Endgame KRN-KRN} 39. b4 axb4 40. axb4 Kg7 (40... Re1+ $11 41. Kd4 Rd1) 41. Rb6 (41. Ra7 $1 $14) 41... Re1+ 42. Kf3 (42. Kd4 $1 $11 {was the only way to keep the balance.}) 42... Ng6 $1 $17 ({But not} 42... Re2 $6 43. Nc4 $11) 43. Kg3 (43. Rd6 $17) 43... Re2 (43... Ne5 $1 $19 {Hoping for ...Rg1+.} 44. Rb5 f6) 44. Nf3 {[%cal Oe4e5]} Rxe4 45. Rd6 (45. Rb8 $17 {was worth a try.}) 45... Nf4 $1 $19 (45... Rxb4 46. Rxd3 Nf4 47. Re3) 46. b5 Rb4 $2 (46... Ne2+ $19 47. Kh2 Rxg4 48. Rxd3 Rb4) 47. b6 $15 f6 48. Rd7+ Kg6 49. b7 h5 50. gxh5+ Nxh5+ 51. Kh2 Nf4 52. Kg3 Rb2 {Prevents Nd2.} (52... Ne6 $15 53. Rd6 Nc5 54. Ne5+ Kf5 55. Nxd3 Ne4+ 56. Kf3 Nxd6 57. Nxb4 Nxb7) 53. Kg4 (53. Nh4+ $11 {remains equal.} gxh4+ 54. Kxf4) 53... Nh5 (53... Ne6 $17 {Threatens to win with ...Nc5.} 54. Rd6 Rb4+ 55. Kg3 Nc5 56. Ne5+ Kf5 57. Nxd3 Ne4+ 58. Kf3 Nxd6 59. Nxb4 Nxb7) 54. Kh3 Nf4+ ({Don't play} 54... Kf5 55. Nd4+ Ke4 56. Kg4 $11) (54... Ng7 $15 {was preferrable.}) 55. Kg4 $17 {[%cal Of3h4]} f5+ (55... Ne6 $1 $17 {[%cal Re6c5] ...Nc5 is the strong threat.} 56. Rd6 Rb4+ 57. Kg3 Nc5 58. Ne5+ Kf5 59. Nxd3 Ne4+ 60. Kf3 Nxd6 61. Nxb4 Nxb7) 56. Kg3 $15 Kf6 57. Rc7 {[#]} (57. Nd2 $15) 57... Ne6 $1 $17 58. Rh7 {[#]} (58. Rd7 $17 {might work better.}) 58... g4 $2 ({And not} 58... f4+ 59. Kg4 $11) ({Black should try} 58... Nc5 $1 $19 {[%cal Rc5e4]} 59. Nd2 Rxb7 60. Rxb7 Nxb7) 59. Rh6+ $1 $11 Ke7 60. Ne5 {[%mdl 8192]} (60. Rh7+ $11 Kd6 61. Nd2) 60... d2 $19 61. Nc6+ Kd6 {Black mates.} 62. Nd8 {[#]} d1=Q $1 63. Rxe6+ Kd7 {Weighted Error Value: White=0.58/Black=0.27 (precise)} 0-1

[Event "Kragero Resort International 2022"]
[Site "Kragero"]
[Date "2022.02.26"]
[Round "7.8"]
[White "Gilmessen, Subhan"]
[Black "Carlin, Tormod"]
[Result "0-1"]
[WhiteElo "1381"]
[BlackElo "1630"]
[Annotator "NA"]
[PlyCount "62"]
[EventDate "2022.02.23"]
[EventType "swiss"]
[EventCountry "NOR"]
[SourceTitle "playchess.com"]
[Source "ChessBase"]
[SourceQuality "1"]
[TimeControl "5400+30"]

1. e4 {[%emt 0:00:03]} c5 {[%emt 0:00:04]} 2. g3 {[%emt 0:00:05]} d5 {[%emt 0:00:05]} 3. exd5 {[%emt 0:00:05]} Qxd5 {[%emt 0:00:07]} 4. Nf3 {[%emt 0:00:05]} Bg4 {[%emt 0:00:05]} 5. Bg2 {[%emt 0:00:05]} Qe6+ {[%emt 0:00:04]} 6. Kf1 {[%emt 0:00:07]} Nc6 {[%emt 0:00:19]} 7. d3 {[%emt 0:00:05]} Qd7 {[%emt 0:00:05]} 8. Na3 {[%emt 0:00:35]} e6 {[%emt 0:03:31]} 9. h3 {[%emt 0:00:05]} Bh5 {[%emt 0:00:11]} 10. Nc4 {[%emt 0:00:40]} b5 {[%emt 0:00:39]} 11. Na3 {[%emt 0:09:23]} Rb8 {[%emt 0:00:44]} 12. g4 {[%emt 0:03:28]} Bg6 {[%emt 0:00:49]} 13. Bf4 {[%emt 0:01:33]} Bd6 {[%emt 0:00:33]} 14. Bxd6 {[%emt 0:00:28]} Qxd6 {[%emt 0:00:08]} 15. Nh4 {[%emt 0:01:08]} Nge7 {[%emt 0:01:50]} 16. Nxg6 {[%emt 0:00:10]} Nxg6 {[%emt 0:00:11]} 17. Be4 {[%emt 0:01:35]} Nf4 {[%emt 0:03:36]} 18. Kg1 {[%emt 0:05:19]} a6 {[%emt 0:05:50]} 19. Qd2 {[%emt 0:00:35]} e5 {[%emt 0:03:26]} 20. Rd1 {[%emt 0:00:44]} Rd8 {[%emt 0:01:46]} 21. Kh2 {[%emt 0:02:09]} g5 {[%emt 0:01:56]} 22. Kg3 {[%emt 0:02:51]} Nd4 {[%emt 0:18:03]} 23. Rde1 {[%emt 0:00:47]} h5 {[%emt 0:00:30]} 24. h4 {[%emt 0:00:04]} Qe6 {[%emt 0:03:21]} 25. gxh5 {[%emt 0:01:12]} gxh4+ {[%emt 0:00:20]} 26. Rxh4 {[%emt 0:00:24]} Rg8+ {[%emt 0:01:29]} 27. Kh2 {[%emt 0:01:10]} Qf6 {[%emt 0:04:43]} 28. Rh3 {[%emt 0:04:28]} Nxh3 {[%emt 0:01:24]} 29. Kxh3 {[%emt 0:00:18]} Nf3 {[%emt 0:00:06]} 30. Bxf3 {[%emt 0:01:29]} Qxf3+ {[%emt 0:00:15]} 31. Kh4 {[%emt 0:00:15]} Rg4# {[%emt 0:00:09]} 0-1

[Event "Kragero Resort International 2022"]
[Site "Kragero"]
[Date "2022.02.26"]
[Round "7.9"]
[White "Ochsner, Bjorn Moller"]
[Black "Injac, Teodora"]
[Result "1/2-1/2"]
[WhiteElo "2496"]
[BlackElo "2407"]
[Annotator "TA"]
[PlyCount "80"]
[EventDate "2022.02.23"]
[EventType "swiss"]
[EventCountry "NOR"]
[SourceTitle "playchess.com"]
[Source "ChessBase"]
[SourceQuality "1"]

{[%evp 15,80,18,12,0,0,9,13,7,14,0,0,-23,-27,-29,-24,-21,-24,-11,0,0,0,0,0,0,0,-53,-38,-60,-20,-39,-22,-43,-52,-104,-77,-77,-68,-70,-72,-70,-70,-76,-72,-77,-77,-80,-80,-74,-60,-92,-80,-74,-17,-74,-39,-72,-43,-70,-85,-83,-10,-8,0,-77,0,-8,0]} 1. e4 e5 2. Nf3 Nc6 3. Bc4 Bc5 4. c3 Nf6 {[%cal Bg8f6,Bf6e4,Be4c3][%mdl 32]} 5. d4 exd4 6. e5 d5 7. Bb5 Ne4 8. cxd4 Bb6 9. Be3 {C54: Giuoco Piano: 4 c3 Nf6, main lines with 5 d4 and 5 d3.} O-O 10. Nc3 Bg4 11. h3 Bh5 12. Qc2 Nxc3 $1 {[%mdl 4] now scores much better than the old 12...Bg6.} 13. Bxc6 {[#]} Nxa2 $1 {White must now prevent ...Nb4.} 14. Bxb7 Nb4 15. Qb3 {[#]} Rb8 $1 {Threatens to win with ...a5.} 16. Qxb4 {And now Bc6 would win.} Bxf3 17. gxf3 Rxb7 18. Rg1 {[#] Hoping for Bh6.} f6 $146 ({Predecessor:} 18... c6 19. Qc3 Qc8 20. Rg3 f5 21. f4 Bd8 22. Ra6 Rc7 23. Qa5 Bh4 24. Rg1 Qd7 {½-½ (38) Neumann,U (1755)-Herzog,K (1846) LSS email 2012}) 19. f4 Qd7 20. Ke2 ({Better is} 20. Rg3 $11) 20... fxe5 (20... a5 $5 {[%cal Ra5b4]} 21. Qa4 (21. Rxa5 $2 c5 $19) 21... c6 $11) 21. fxe5 c6 (21... a5 $5 {[%cal Ra5b4]} 22. Qc3 Qb5+ 23. Kd1 Rf3 $11) 22. Rg4 h5 (22... Bd8 $5 {[%cal Rb7b4]} 23. Qc3 h5 $15) 23. Rg6 Bd8 24. e6 Rxb4 25. exd7 Rxb2+ 26. Kd3 Rb3+ (26... Rf3 $2 27. Rxa7 Kh7 28. Rxc6 Rbxf2 29. Ra8 $18) 27. Ke2 Rb7 28. Rxc6 Rxd7 29. Re6 Kf7 30. Rc6 Re8 31. Kd3 Re4 32. Rg1 Bf6 $1 33. Rc5 Ke6 (33... Re6 $17) 34. Rg3 (34. Ra5 $11 {keeps the balance.}) 34... Rb7 35. Rc6+ Kd7 (35... Ke7 $5 {[%cal Rb7b3]}) 36. Rc5 Kd6 {[%cal Of6d4]} 37. Ra5 Rb3+ (37... Ree7 $1 $17) 38. Kc2 $11 {[#]} Rb7 (38... h4 $1 $11 39. Rf3 (39. Kxb3 hxg3 40. Ra6+ Kd7 $19) (39. Rg6 Rb7 $15) (39. Rg1 Rb4) 39... Rb4) 39. Kd3 $1 $17 {[#]} Rb3+ (39... Ree7 $1 $17) 40. Kc2 $11 Rb7 {Weighted Error Value: White=0.13 (very precise) /Black=0.13 (very precise)} 1/2-1/2